[Event "Bydgoszcz Bank Pocztowy op"]
[Site "Bydgoszcz"]
[Date "1999.07.18"]
[Round "7"]
[White "Zulfugarli, Magomed"]
[Black "Gelman, Alexander"]
[Result "1-0"]
[WhiteElo "2388"]
[BlackElo "2469"]
[EventDate "1999.07.12"]
[PlyCount "105"]

1.e4 d6 2.d4 Nf6 3.Nc3 g6 4.Be3 c6 5.Qd2 Bg7 6.f3 b5 7.g4 h5 8.g5 Nfd7 9.
f4 Bb7 10.e5 Nb6 11.Nh3 N8d7 12.Rg1 b4 13.Ne4 c5 14.dxc5 Bxe4 15.cxb6 axb6
16.Nf2 Bf5 17.Bd3 Bxd3 18.Nxd3 dxe5 19.f5 e4 20.Nxb4 Ne5 21.Qxd8+ Rxd8 22.
Ke2 gxf5 23.Rad1 Rc8 24.b3 e6 25.c4 Bf8 26.Bd4 Nf3 27.Bxh8 Nxg1+ 28.Rxg1 
Bxb4 29.Bf6 b5 30.Rd1 bxc4 31.bxc4 Be7 32.Rb1 Bxf6 33.gxf6 Rxc4 34.Ke3 Kd7
35.Kf4 Kc7 36.Rg1 Kd6 37.Rd1+ Kc7 38.Rg1 Rd4 39.a4 Rd7 40.a5 Kb7 41.Rg8 
Kc6 42.Re8 Rd3 43.a6 Kb6 44.a7 Kxa7 45.Re7+ Kb6 46.Rxf7 Rf3+ 47.Kg5 Rf1 
48.Re7 Rg1+ 49.Kh6 Rg8 50.f7 Rf8 51.Kg7 Rxf7+ 52.Kxf7 Kc5 53.Rxe6 1-0

[Event "Bydgoszcz Bank Pocztowy op"]
[Site "Bydgoszcz"]
[Date "1999.07.19"]
[Round "8"]
[White "Ehrenfeucht, Wojciech"]
[Black "Rybak, Tomasz"]
[Result "1/2-1/2"]
[WhiteElo "2316"]
[BlackElo "2163"]
[EventDate "1999.07.12"]
[PlyCount "111"]

1.Nf3 c5 2.c4 Nc6 3.d4 cxd4 4.Nxd4 g6 5.e4 Bg7 6.Be3 Nf6 7.Nc3 Ng4 8.Qxg4 
Nxd4 9.Qd1 Ne6 10.Qd2 Qa5 11.Rc1 d6 12.b3 Bd7 13.Be2 Bc6 14.Nd5 Qxd2+ 15.
Kxd2 Rc8 16.h4 h5 17.g4 Nd4 18.Bd1 e6 19.Nc3 hxg4 20.Bxg4 f5 21.Kd3 e5 22.
Bd1 Ne6 23.b4 b6 24.h5 Nf4+ 25.Bxf4 exf4 26.Rg1 Bxc3 27.Kxc3 gxh5 28.exf5 
h4 29.Bg4 h3 30.f3 Kf7 31.Rh1 Rce8 32.Kd4 Re3 33.Rcf1 Kf6 34.b5 Bb7 35.Rh2
Rh4 36.Rff2 Kg5 37.Rf1 Rxg4 38.fxg4 Bg2 39.Rf2 Re4+ 40.Kd3 Re3+ 41.Kd4 Rg3
42.f6 Kxf6 43.Rxf4+ Kg5 44.Rf7 Rxg4+ 45.Kc3 Kh4 46.Rxa7 Kg3 47.Rxh3+ Bxh3 
48.Ra6 Bf1 49.Rxb6 Rxc4+ 50.Kb3 d5 51.a4 Rc8 52.a5 d4 53.a6 d3 54.Rd6 d2 
55.a7 Bxb5 56.Rxd2 1/2-1/2

[Event "Bydgoszcz Bank Pocztowy op"]
[Site "Bydgoszcz"]
[Date "1999.07.19"]
[Round "8"]
[White "Fedorovsky, Michael"]
[Black "Ziolkowski, Dawid"]
[Result "1-0"]
[WhiteElo "2307"]
[BlackElo "2123"]
[EventDate "1999.07.12"]
[PlyCount "81"]

1.d4 Nf6 2.c4 c5 3.d5 b5 4.cxb5 a6 5.bxa6 Bxa6 6.Nc3 d6 7.Nf3 g6 8.e4 Bxf1
9.Kxf1 Bg7 10.g3 O-O 11.Kg2 Nbd7 12.h3 Ra6 13.Re1 Qa8 14.Re2 e6 15.dxe6 
fxe6 16.Ng5 d5 17.exd5 exd5 18.Kg1 d4 19.Qb3+ Kh8 20.Nb5 Qd5 21.Qxd5 Nxd5 
22.Bd2 d3 23.Re6 Bxb2 24.Rxa6 Bxa1 25.Rd6 N7b6 26.Ne4 Rb8 27.Nxc5 Be5 28.
Rc6 Nc4 29.Nd7 Nxd2 30.Nxb8 Ne4 31.Rc8+ Kg7 32.Rd8 Nb4 33.a3 Bxb8 34.axb4 
d2 35.Rd3 Be5 36.Kg2 Kf6 37.f4 Bb2 38.Kf3 Nc3 39.Rxd2 Bc1 40.Nxc3 Bxd2 41.
Ne4+ 1-0

[Event "Bydgoszcz Bank Pocztowy op"]
[Site "Bydgoszcz"]
[Date "1999.07.19"]
[Round "8"]
[White "Filippov, Valerij"]
[Black "Brodsky, Michail"]
[Result "1-0"]
[WhiteElo "2605"]
[BlackElo "2512"]
[EventDate "1999.07.12"]
[PlyCount "67"]

1.Nf3 c5 2.c4 Nc6 3.d4 cxd4 4.Nxd4 e6 5.e3 Nf6 6.Be2 Bb4+ 7.Bd2 Be7 8.O-O 
O-O 9.Bc3 d6 10.b3 Bd7 11.Bb2 d5 12.Nd2 Rc8 13.N2f3 dxc4 14.Bxc4 Qa5 15.
Qe2 Rfd8 16.Rfd1 a6 17.Nxc6 Bxc6 18.Ne5 Be8 19.Bd3 Qc7 20.h3 Qb8 21.Qf3 
Rd5 22.Ng4 Nxg4 23.Qxg4 Rg5 24.Qe4 Rh5 25.Qf3 Rd5 26.Be4 Rxd1+ 27.Rxd1 b5 
28.Qg4 Bf8 29.Qh4 h6 30.Bf3 Qc7 31.Qd4 Qc5 32.Qxc5 Bxc5 33.Rc1 Rc7 34.Be5 
1-0

[Event "Bydgoszcz Bank Pocztowy op"]
[Site "Bydgoszcz"]
[Date "1999.07.19"]
[Round "8"]
[White "Kazakov, Mikhail"]
[Black "Simantsev, Mikhail"]
[Result "0-1"]
[WhiteElo "2450"]
[BlackElo "2409"]
[EventDate "1999.07.12"]
[PlyCount "136"]

1.e4 c5 2.Nf3 d6 3.d4 cxd4 4.Nxd4 Nf6 5.Nc3 a6 6.Be2 e6 7.Be3 Qc7 8.g4 h6 
9.f4 b5 10.Bf3 Bb7 11.a3 Nfd7 12.O-O Nb6 13.Kh1 Nc4 14.Bc1 Be7 15.b3 Nb6 
16.Bb2 O-O 17.Qd2 N8d7 18.Rae1 Rad8 19.Bg2 Rfe8 20.Qf2 Bf8 21.g5 hxg5 22.
fxg5 Ne5 23.Ndxb5 axb5 24.Nxb5 Qd7 25.Qxb6 Rb8 26.Qf2 Ba6 27.a4 Bxb5 28.
axb5 Rxb5 29.Ra1 Rb7 30.Qg3 Qc7 31.Bxe5 dxe5 32.g6 fxg6 33.Qxg6 Qc6 34.Rf3
Bb4 35.Raf1 Bd2 36.Rh3 Bf4 37.Rc3 Qd7 38.Rd3 Qf7 39.Qg4 Rc7 40.c4 Rd7 41.
Rxd7 Qxd7 42.Rd1 Qe7 43.Bh3 Kf8 44.Rg1 g5 45.Rd1 Rd8 46.Kg2 Rd6 47.Qh5 Kg7
48.Qe2 Kf6 49.Rxd6 Qxd6 50.Bg4 Ke7 51.Bf3 Qd2 52.c5 Qc3 53.Qc4 Qd2+ 54.Be2
Be3 55.Kf3 Bd4 56.Qd3 Qf4+ 57.Kg2 g4 58.Qd1 Qxe4+ 59.Kg3 Qf4+ 60.Kg2 Qf2+ 
61.Kh1 g3 62.hxg3 Qxg3 63.Qf1 e4 64.Bc4 Bxc5 65.Qg2 Qh4+ 66.Qh2 Qe1+ 67.
Kg2 Qf2+ 68.Kh3 Qf5+ 0-1

[Event "Bydgoszcz Bank Pocztowy op"]
[Site "Bydgoszcz"]
[Date "1999.07.19"]
[Round "8"]
[White "Poluljahov, Aleksandr"]
[Black "Antoniewski, Rafal"]
[Result "1/2-1/2"]
[WhiteElo "2554"]
[BlackElo "2417"]
[EventDate "1999.07.12"]
[PlyCount "173"]

1.d4 Nf6 2.Nf3 g6 3.c4 Bg7 4.Nc3 O-O 5.e4 d6 6.h3 e5 7.d5 a5 8.Bg5 Na6 9.
Nd2 c6 10.Be2 Bd7 11.O-O Nc5 12.Rb1 a4 13.g4 h6 14.Be3 Qa5 15.Kg2 cxd5 16.
cxd5 b5 17.a3 Rfb8 18.f3 b4 19.Na2 bxa3 20.bxa3 Nb3 21.Nxb3 axb3 22.Rxb3 
Rxb3 23.Qxb3 Qxa3 24.Nc1 Qxb3 25.Nxb3 Ra3 26.Rb1 Ne8 27.Rb2 Nc7 28.Bb6 Ne8
29.Nd2 Ra8 30.Be3 Bf8 31.Bb5 Bxb5 32.Rxb5 Rc8 33.h4 Be7 34.Kg3 Kg7 35.Rb7 
Rc7 36.Rb8 Nf6 37.Rb6 Rc3 38.Rb3 Rc2 39.Rb7 Bd8 40.Nf1 Rc3 41.Kg2 Nh7 42.
h5 Rc7 43.Rxc7 Bxc7 44.hxg6 fxg6 45.Nd2 Nf6 46.Nc4 Ne8 47.Bd2 Bd8 48.Bb4 
Bc7 49.Kf2 Kf6 50.Bc3 Kf7 51.Bd2 Kg7 52.Ke2 Bd8 53.Kd3 Bc7 54.g5 h5 55.f4 
exf4 56.Bxf4 Kf7 57.Kc3 Ke7 58.Bg3 Kd7 59.Kd4 Ng7 60.Bf4 Bb8 61.e5 Nf5+ 
62.Ke4 dxe5 63.Bxe5 Nd6+ 64.Bxd6 Bxd6 65.Ne5+ Bxe5 66.Kxe5 Ke7 67.Ke4 Kd6 
68.Kd4 h4 69.Ke4 h3 70.Kf3 Kxd5 71.Kg3 Ke5 72.Kxh3 Kf5 73.Kg2 Kxg5 74.Kf2 
Kf4 75.Kg2 Kg5 76.Kg3 Kf5 77.Kf3 g5 78.Kg3 g4 79.Kg2 Kg5 80.Kg3 Kh5 81.Kg2
Kh4 82.Kh2 Kg5 83.Kg3 Kf5 84.Kg2 Kf4 85.Kf2 g3+ 86.Kg2 Kg4 87.Kg1 1/2-1/2

[Event "Bydgoszcz Bank Pocztowy op"]
[Site "Bydgoszcz"]
[Date "1999.07.19"]
[Round "8"]
[White "Prihodko, Alexander"]
[Black "Szczechowicz, Bartosz"]
[Result "0-1"]
[WhiteElo "2258"]
[BlackElo "2249"]
[EventDate "1999.07.12"]
[PlyCount "132"]

1.e4 c6 2.d4 d5 3.Nc3 dxe4 4.Nxe4 Bf5 5.Ng3 Bg6 6.h4 h6 7.Nf3 Nd7 8.h5 Bh7
9.Bd3 Bxd3 10.Qxd3 e6 11.Bd2 Ngf6 12.O-O-O Qc7 13.Qe2 O-O-O 14.Ne5 Nb6 15.
Rh4 c5 16.Ba5 Kb8 17.Kb1 Rd5 18.c4 Rxd4 19.Rhxd4 cxd4 20.f4 Bd6 21.Rxd4 
Bxe5 22.fxe5 Nfd7 23.Bb4 Ka8 24.Bd6 Qc6 25.Rg4 Rg8 26.Qf3 Qxf3 27.gxf3 f6 
28.c5 Nd5 29.exf6 N7xf6 30.Rg6 a6 31.Kc2 Ka7 32.Kd3 e5 33.Ne2 Nxh5 34.Bxe5
Re8 35.Kd4 Nb4 36.f4 Nc6+ 37.Ke4 Nf6+ 38.Ke3 Nxe5 39.fxe5 Rxe5+ 40.Kd3 Nh5
41.Rd6 Rxc5 42.Nd4 Rg5 43.b4 Nf6 44.a4 Rd5 45.Re6 h5 46.Kc4 h4 47.b5 h3 
48.b6+ Kb8 49.Nf3 Rh5 50.Re7 Rf5 51.Nh2 Rf2 52.Rxg7 Rxh2 53.Rf7 Rc2+ 54.
Kb3 Rc8 55.Rxf6 Rh8 56.Rf1 h2 57.Rh1 Kc8 58.Kb4 Kd7 59.a5 Kd6 60.Rd1+ Ke5 
61.Rh1 Ke4 62.Kc5 Kf3 63.Kd6 Kg2 64.Rc1 h1=Q 65.Rxh1 Rxh1 66.Kc7 Rh7+ 0-1

[Event "Bydgoszcz Bank Pocztowy op"]
[Site "Bydgoszcz"]
[Date "1999.07.19"]
[Round "8"]
[White "Raudive, Aivars"]
[Black "Vinogradov, Pavel"]
[Result "1-0"]
[WhiteElo "2240"]
[BlackElo "2288"]
[EventDate "1999.07.12"]
[PlyCount "55"]

1.e4 c5 2.Nf3 e6 3.c4 d6 4.Nc3 Nc6 5.Be2 g6 6.d4 cxd4 7.Nxd4 Nf6 8.Bg5 h6 
9.Be3 a6 10.Qd2 Qc7 11.O-O Ne5 12.h3 Bg7 13.Rac1 b6 14.f4 Ned7 15.Bf3 Bb7 
16.Ndb5 axb5 17.Nxb5 Qb8 18.Nxd6+ Ke7 19.Nxb7 Qxb7 20.e5 Ne4 21.Qb4+ Ke8 
22.c5 f5 23.c6 Qa7 24.cxd7+ Qxd7 25.Rfd1 Qe7 26.Qb5+ Kf8 27.Rd7 Ra5 28.
Rc8+ 1-0

[Event "Bydgoszcz Bank Pocztowy op"]
[Site "Bydgoszcz"]
[Date "1999.07.19"]
[Round "8"]
[White "Sosnicki, Michal"]
[Black "Palosz, Andrzej"]
[Result "1-0"]
[WhiteElo "2335"]
[BlackElo "2182"]
[EventDate "1999.07.12"]
[PlyCount "87"]

1.d4 Nf6 2.c4 g6 3.Nf3 Bg7 4.g3 d5 5.cxd5 Nxd5 6.Bg2 O-O 7.O-O Nc6 8.Nc3 
Nb6 9.d5 Na5 10.Qc2 c6 11.dxc6 Nxc6 12.Rd1 Bd7 13.Be3 Qc8 14.Qc1 Re8 15.
Bh6 Bh8 16.Ng5 Ne5 17.Qf4 f6 18.Nge4 Nf7 19.Rac1 Bc6 20.Qh4 Nxh6 21.Qxh6 
Bg7 22.Qh4 f5 23.Ng5 h6 24.Nf3 e5 25.e4 g5 26.Qh5 Rf8 27.Nb5 Qe8 28.Qxe8 
Raxe8 29.Nd6 fxe4 30.Nxe8 exf3 31.Nxg7 fxg2 32.Ne6 Re8 33.Nc5 Nd5 34.Nd3 
g4 35.Ne1 Nb4 36.a3 Nd5 37.Nxg2 Rf8 38.Ne3 Nf6 39.Nf5 Ne4 40.Ne7+ Kg7 41.
Nxc6 bxc6 42.Rxc6 Nxf2 43.Rd7+ Kg8 44.Kg2 1-0

[Event "Bydgoszcz Bank Pocztowy op"]
[Site "Bydgoszcz"]
[Date "1999.07.19"]
[Round "8"]
[White "Struk, Jerzy"]
[Black "Fiodorov, Mikhail"]
[Result "1-0"]
[WhiteElo "2270"]
[BlackElo "2352"]
[EventDate "1999.07.12"]
[PlyCount "75"]

1.e4 e6 2.d4 d5 3.Nc3 Bb4 4.e5 c5 5.a3 Bxc3+ 6.bxc3 Qa5 7.Bd2 Qa4 8.dxc5 
Nc6 9.Nf3 Qe4+ 10.Be3 Nxe5 11.Nxe5 Qxe5 12.Bb5+ Bd7 13.Bxd7+ Kxd7 14.O-O 
Ne7 15.Rb1 Qc7 16.c4 Ke8 17.cxd5 Nxd5 18.Qf3 Rb8 19.c4 Ne7 20.Rfd1 f6 21.
Rd6 Kf7 22.Rbd1 Rbd8 23.h4 Nc6 24.Qh5+ g6 25.Qh6 Rxd6 26.cxd6 Qd7 27.Qf4 
e5 28.Qe4 Qe6 29.Bxa7 f5 30.Qb1 Qxc4 31.Qxb7+ Ke6 32.Be3 Qa4 33.Rc1 Kxd6 
34.Qg7 Rd8 35.Qxh7 f4 36.Bc5+ Kd5 37.Qf7+ Ke4 38.Rc4+ 1-0

[Event "Bydgoszcz Bank Pocztowy op"]
[Site "Bydgoszcz"]
[Date "1999.07.19"]
[Round "8"]
[White "Sulskis, Sarunas"]
[Black "Zulfugarli, Magomed"]
[Result "1/2-1/2"]
[WhiteElo "2521"]
[BlackElo "2388"]
[EventDate "1999.07.12"]
[PlyCount "86"]

1.e4 e5 2.Nf3 Nf6 3.Nxe5 d6 4.Nc4 Nxe4 5.Nc3 Nxc3 6.dxc3 d5 7.Ne3 c6 8.Qd4
Be6 9.f4 f6 10.c4 c5 11.Qd3 d4 12.Qe4 Qe7 13.Nd5 Bxd5 14.Qxe7+ Bxe7 15.
cxd5 Nd7 16.c4 Bd6 17.Bd3 g6 18.Kf2 Kf7 19.Bd2 f5 20.Rhe1 Rae8 21.Kf3 Nf6 
22.h3 h5 23.a3 Rxe1 24.Rxe1 Re8 25.b4 Rxe1 26.Bxe1 b6 27.bxc5 bxc5 28.Bc2 
Bc7 29.Bd3 Bd8 30.Bh4 Bc7 31.Bc2 Bd6 32.Bg5 Bc7 33.Bh4 Bd6 34.a4 Bc7 35.
Be1 Bd8 36.Bd3 Bc7 37.Bc2 Bd8 38.Bd2 Bc7 39.g3 Ke7 40.Bd3 Bd8 41.Be1 Bc7 
42.Bd2 Bd8 43.Be1 Bc7 1/2-1/2

[Event "Bydgoszcz Bank Pocztowy op"]
[Site "Bydgoszcz"]
[Date "1999.07.20"]
[Round "9"]
[White "Agamaliev, Gamil"]
[Black "Grabarczyk, Miroslaw"]
[Result "1/2-1/2"]
[WhiteElo "2478"]
[BlackElo "2484"]
[EventDate "1999.07.12"]
[PlyCount "44"]

1.e4 e5 2.Nf3 Nc6 3.Bc4 Bc5 4.O-O Nf6 5.d4 Bxd4 6.Nxd4 Nxd4 7.Bg5 Ne6 8.
Bxe6 dxe6 9.Qxd8+ Kxd8 10.f4 Ke8 11.Nc3 a6 12.fxe5 Nd7 13.Rad1 b5 14.b4 h6
15.Bh4 g5 16.Bf2 Bb7 17.a4 Bc6 18.axb5 axb5 19.Ra1 Ke7 20.Bd4 Rhd8 21.Kf2 
f6 22.Rxa8 Rxa8 1/2-1/2

[Event "Bydgoszcz Bank Pocztowy op"]
[Site "Bydgoszcz"]
[Date "1999.07.20"]
[Round "9"]
[White "Bieluszewski, Piotr"]
[Black "Fiodorov, Mikhail"]
[Result "1/2-1/2"]
[WhiteElo "2195"]
[BlackElo "2352"]
[EventDate "1999.07.12"]
[PlyCount "140"]

1.e4 e6 2.d4 d5 3.Nd2 c5 4.exd5 Qxd5 5.Ngf3 cxd4 6.Bc4 Qd6 7.O-O Nf6 8.Nb3
Nc6 9.Nbxd4 Nxd4 10.Nxd4 a6 11.Bb3 Be7 12.c3 e5 13.Nf3 Qxd1 14.Bxd1 e4 15.
Nd4 O-O 16.Re1 Re8 17.Bc2 h6 18.h3 b6 19.Bf4 Bf8 20.Rad1 g6 21.c4 Bb7 22.
Re2 Rec8 23.b3 b5 24.Rb1 Bc5 25.Be3 bxc4 26.bxc4 Ra7 27.Ba4 Ba8 28.Reb2 
Rac7 29.Rb8 Ba7 30.Rxc8+ Rxc8 31.Bb3 Rc7 32.Bf4 Rd7 33.Nc2 g5 34.Be3 Bxe3 
35.Nxe3 Bc6 36.c5 Kf8 37.Bc4 Rb7 38.Rd1 Bb5 39.Rd6 Bxc4 40.Nxc4 Rb1+ 41.
Kh2 Rc1 42.Rd4 Ne8 43.a4 f5 44.c6 Ke7 45.g4 fxg4 46.Rxe4+ Kd8 47.hxg4 Nf6 
48.Rd4+ Kc7 49.Ne5 Re1 50.Nf7 Re7 51.Nd6 Nxg4+ 52.Kg3 Ne5 53.Nf5 Nxc6 54.
Rc4 Re6 55.Kg4 Kb6 56.Kh5 Ka5 57.Nxh6 Nb4 58.Kxg5 Kxa4 59.f4 Kb3 60.Rd4 
Nc6 61.Rd1 Re2 62.Rd6 Nb4 63.f5 a5 64.f6 Re8 65.Nf5 Rf8 66.Nd4+ Kc4 67.Ne6
Rf7 68.Rd4+ Kc3 69.Kg6 Rxf6+ 70.Kxf6 a4 1/2-1/2

[Event "Bydgoszcz Bank Pocztowy op"]
[Site "Bydgoszcz"]
[Date "1999.07.20"]
[Round "9"]
[White "Brodsky, Michail"]
[Black "Moiseenko, Alexander"]
[Result "1-0"]
[WhiteElo "2512"]
[BlackElo "2501"]
[EventDate "1999.07.12"]
[PlyCount "71"]

1.e4 e5 2.Nf3 Nc6 3.Bb5 a6 4.Ba4 d6 5.c3 Nf6 6.d4 Bd7 7.O-O Be7 8.Re1 O-O 
9.Nbd2 Kh8 10.a3 Be8 11.b4 Nd7 12.Nf1 a5 13.Bb2 axb4 14.axb4 exd4 15.Nxd4 
Nxd4 16.cxd4 d5 17.Bc2 Rxa1 18.Qxa1 Bxb4 19.Re3 Nb6 20.e5 f5 21.Rf3 g6 22.
Bc1 Bd7 23.Ng3 Qe7 24.Qb1 Ra8 25.Ne2 Ba4 26.Bd3 Bd1 27.h4 Bxe2 28.Bxe2 Ba3
29.Bg5 Qb4 30.Qc2 c6 31.Rxf5 gxf5 32.Qxf5 Qe1+ 33.Kh2 Rf8 34.Bf6+ Kg8 35.
Qg5+ Kf7 36.Bh5+ 1-0

[Event "Bydgoszcz Bank Pocztowy op"]
[Site "Bydgoszcz"]
[Date "1999.07.20"]
[Round "9"]
[White "Czerwonski, Aleksander"]
[Black "Braslavsky, Aleksandr"]
[Result "1-0"]
[WhiteElo "2426"]
[BlackElo "2295"]
[EventDate "1999.07.12"]
[PlyCount "95"]

1.d4 Nf6 2.c4 g6 3.Nc3 Bg7 4.e4 d6 5.f3 O-O 6.Bg5 c5 7.d5 e6 8.Nge2 exd5 
9.cxd5 Nbd7 10.Qd2 Ne5 11.Ng3 Re8 12.Be2 a6 13.a4 Qa5 14.f4 Ned7 15.O-O 
Qb4 16.Kh1 Nb6 17.a5 Nc4 18.Bxc4 Qxc4 19.e5 Nh5 20.Nxh5 gxh5 21.Na4 Bg4 
22.h3 Qe2 23.Qxe2 Bxe2 24.Rfe1 Bb5 25.Nb6 Rab8 26.exd6 Rxe1+ 27.Rxe1 Bxb2 
28.Be7 c4 29.Nxc4 Bxc4 30.d7 Bxd5 31.d8=Q+ Rxd8 32.Bxd8 f5 33.Kh2 Be4 34.
Kg3 Kf7 35.Re2 Bc1 36.Bc7 Kg6 37.Kh4 Ba3 38.Bd8 Bb4 39.Rb2 Bc5 40.Rd2 Bb4 
41.Rd4 Bc5 42.Rc4 Bf2+ 43.g3 Be3 44.Bb6 Bd2 45.Rc7 Bb4 46.Bd4 Bxa5 47.Rg7+
Kh6 48.Rg5 1-0

[Event "Bydgoszcz Bank Pocztowy op"]
[Site "Bydgoszcz"]
[Date "1999.07.20"]
[Round "9"]
[White "Gelman, Alexander"]
[Black "Fedorovsky, Michael"]
[Result "1-0"]
[WhiteElo "2469"]
[BlackElo "2307"]
[EventDate "1999.07.12"]
[PlyCount "87"]

1.g3 e5 2.Bg2 d5 3.d3 c5 4.Nd2 g6 5.e4 Ne7 6.exd5 Nxd5 7.Ngf3 Bg7 8.O-O 
O-O 9.a3 Nc6 10.Re1 Re8 11.Rb1 Rb8 12.Ne4 b6 13.c4 Nc7 14.b4 cxb4 15.axb4 
Ne6 16.b5 Ncd4 17.Nxd4 Nxd4 18.Nc3 a6 19.Be3 axb5 20.Nxb5 Nxb5 21.Rxb5 Bd7
22.Rb1 Qc7 23.Bd5 Be6 24.Qf3 Bxd5 25.Qxd5 Bf8 26.Rb3 Re6 27.Qb5 e4 28.d4 
Rc8 29.Rc1 Rc6 30.Rbc3 Rf6 31.Qb1 Re8 32.Qc2 h5 33.Rb1 h4 34.c5 bxc5 35.
dxc5 Rc6 36.Rb4 Qe5 37.Rcc4 Qf5 38.Rb6 Qd5 39.Qa4 Rxb6 40.cxb6 Ra8 41.Rd4 
Qb7 42.Rd7 Rxa4 43.Rxb7 h3 44.Kf1 1-0

[Event "Bydgoszcz Bank Pocztowy op"]
[Site "Bydgoszcz"]
[Date "1999.07.20"]
[Round "9"]
[White "Jaracz, Barbara"]
[Black "Madynski, Pawel"]
[Result "1-0"]
[WhiteElo "2293"]
[BlackElo "2194"]
[EventDate "1999.07.12"]
[PlyCount "53"]

1.e4 d5 2.exd5 Qxd5 3.Nc3 Qa5 4.d4 Nf6 5.Nf3 Bg4 6.h3 Bh5 7.g4 Bg6 8.Ne5 
e6 9.h4 Bb4 10.Bd2 Qb6 11.Qe2 Bxc3 12.Bxc3 Be4 13.f3 Bd5 14.b3 Nbd7 15.
Nxd7 Kxd7 16.Rh3 a5 17.a4 Qd6 18.O-O-O Rhb8 19.Bb2 b6 20.Kb1 Qb4 21.c4 Bb7
22.Ka2 Qd6 23.Ba3 Qf4 24.Qe5 Qh6 25.g5 Qg6 26.Bd3 Ne4 27.Bxe4 1-0

[Event "Bydgoszcz Bank Pocztowy op"]
[Site "Bydgoszcz"]
[Date "1999.07.20"]
[Round "9"]
[White "Jaracz, Pawel"]
[Black "Galinsky, Timofey"]
[Result "1-0"]
[WhiteElo "2477"]
[BlackElo "2370"]
[EventDate "1999.07.12"]
[PlyCount "69"]

1.c4 e6 2.Nc3 d5 3.d4 f5 4.e3 Nf6 5.Bd3 c6 6.Nge2 Bd6 7.f3 O-O 8.Qc2 Kh8 
9.Bd2 Bd7 10.a3 a5 11.h3 Na6 12.c5 Bc7 13.g4 b6 14.cxb6 Bxb6 15.Na4 c5 16.
Nxc5 Nxc5 17.dxc5 Ne4 18.fxe4 fxe4 19.cxb6 Qh4+ 20.Kd1 Qf2 21.Kc1 exd3 22.
Qxd3 e5 23.b7 Rab8 24.Kc2 Ba4+ 25.b3 Be8 26.Kb2 Bg6 27.Qb5 Qg2 28.Rhg1 
Qxh3 29.Rac1 d4 30.Qxe5 Rxb7 31.Nxd4 Qh4 32.Rgf1 Rg8 33.g5 Qg4 34.Rf2 Qd7 
35.Bxa5 1-0

[Event "Bydgoszcz Bank Pocztowy op"]
[Site "Bydgoszcz"]
[Date "1999.07.20"]
[Round "9"]
[White "Palosz, Andrzej"]
[Black "Kret, Ted"]
[Result "1-0"]
[WhiteElo "2182"]
[BlackElo "2120"]
[EventDate "1999.07.12"]
[PlyCount "47"]

1.e4 e6 2.d4 d5 3.e5 c5 4.c3 Nc6 5.Be3 Qb6 6.Qd2 Nh6 7.dxc5 Bxc5 8.Bxc5 
Qxc5 9.b4 Qb6 10.f4 O-O 11.Nf3 f6 12.b5 fxe5 13.bxc6 Rxf4 14.Bd3 bxc6 15.
Nxe5 Ra4 16.Qf2 Qc7 17.O-O Bb7 18.Qe2 Nf5 19.c4 d4 20.c5 Ra5 21.Bc4 Ne3 
22.Bxe6+ Kh8 23.Nf7+ Kg8 24.Nd8+ 1-0

[Event "Bydgoszcz Bank Pocztowy op"]
[Site "Bydgoszcz"]
[Date "1999.07.20"]
[Round "9"]
[White "Pavlenko, Oleg"]
[Black "Solodovnichenko, Yuri"]
[Result "0-1"]
[WhiteElo "2295"]
[BlackElo "2436"]
[EventDate "1999.07.12"]
[PlyCount "138"]

1.c4 Nf6 2.Nc3 e5 3.g3 Bb4 4.Bg2 O-O 5.Nd5 Nxd5 6.cxd5 c6 7.a3 Be7 8.d4 
exd4 9.Qxd4 Bf6 10.Qd1 Qb6 11.Ra2 cxd5 12.Bxd5 Bd4 13.Qb3 Bxf2+ 14.Kf1 d6 
15.Kg2 Qxb3 16.Bxb3 Bxg1 17.Rxg1 Be6 18.Bxe6 fxe6 19.e4 Nd7 20.b4 Rac8 21.
Bg5 Nf6 22.Re1 h6 23.Bxf6 gxf6 24.Rd2 Rfd8 25.Red1 Rc6 26.b5 Rb6 27.a4 Kf7
28.Rf1 Ke7 29.Rdf2 Rf8 30.Rc1 Rf7 31.Rc7+ Kf8 32.Rc8+ Kg7 33.Rd8 a6 34.Rd2
axb5 35.a5 Ra6 36.R2xd6 Rxa5 37.Rxe6 Ra6 38.Rdd6 b4 39.Rxa6 bxa6 40.Rxa6 
Rb7 41.Ra2 b3 42.Rb2 Kf7 43.Kf3 Ke6 44.Ke3 Ke5 45.Kd3 h5 46.Ke3 Rb4 47.Kd3
Kd6 48.Kc3 Kc5 49.Kd3 Rb7 50.Kc3 Rb8 51.h3 Kd6 52.Kd4 Ke6 53.Kc3 Ke5 54.
Kd3 Rg8 55.Rg2 b2 56.Rxb2 Rxg3+ 57.Kc4 Kxe4 58.Rb8 Rxh3 59.Re8+ Kf4 60.Kd4
f5 61.Re1 h4 62.Re8 Rg3 63.Rh8 Rg4 64.Kd3 Kg3 65.Ke2 Kg2 66.Rh5 f4 67.Ra5 
h3 68.Ra2 h2 69.Kd3+ Kh3 0-1

[Event "Bydgoszcz Bank Pocztowy op"]
[Site "Bydgoszcz"]
[Date "1999.07.20"]
[Round "9"]
[White "Rybak, Tomasz"]
[Black "Raudive, Aivars"]
[Result "0-1"]
[WhiteElo "2163"]
[BlackElo "2240"]
[EventDate "1999.07.12"]
[PlyCount "92"]

1.e4 Nf6 2.e5 Nd5 3.d4 d6 4.Nf3 Bg4 5.Be2 e6 6.O-O Be7 7.c4 Nb6 8.Nc3 O-O 
9.Be3 a6 10.a4 Bxf3 11.gxf3 dxe5 12.dxe5 Nc6 13.f4 f6 14.a5 Nd7 15.Bg4 f5 
16.Bf3 Nc5 17.Bxc6 bxc6 18.Rb1 Nd3 19.Qa4 Nb4 20.c5 Rb8 21.Rfd1 Qe8 22.h3 
Nd5 23.Rxd5 cxd5 24.Qa3 Qh5 25.Kh2 Qf3 26.Qa4 Bh4 27.Qd4 g5 28.b4 c6 29.
Qd1 Qxd1 30.Nxd1 Rb7 31.fxg5 f4 32.Bd2 Rf5 33.Nc3 Bxf2 34.Na4 Bg3+ 35.Kg2 
Rxe5 36.Kf3 Re4 37.Nb6 Rd4 38.Rb2 e5 39.b5 cxb5 40.c6 Rc7 41.Rc2 e4+ 42.
Kg4 e3 43.Bxe3 fxe3+ 44.Kxg3 Rc4 45.Rxc4 dxc4 46.Nd5 c3 0-1

[Event "Bydgoszcz Bank Pocztowy op"]
[Site "Bydgoszcz"]
[Date "1999.07.20"]
[Round "9"]
[White "Sumets, Andrey"]
[Black "Kastanieda, Georgiy"]
[Result "1/2-1/2"]
[WhiteElo "2455"]
[BlackElo "2415"]
[EventDate "1999.07.12"]
[PlyCount "98"]

1.d4 d6 2.c4 e5 3.Nf3 e4 4.Ng5 f5 5.Nc3 c6 6.Nh3 Be7 7.e3 Nf6 8.Be2 O-O 9.
O-O Na6 10.Rb1 Nc7 11.b4 Kh8 12.b5 c5 13.dxc5 dxc5 14.Bb2 Be6 15.Qc2 Bd6 
16.Nf4 Bxf4 17.exf4 Bf7 18.Rbd1 Qe7 19.f3 Rad8 20.fxe4 fxe4 21.g4 Rxd1 22.
Nxd1 Rd8 23.Ne3 a6 24.g5 Nfe8 25.a4 Nd6 26.Qc3 Ne6 27.Qe5 Qf8 28.Rd1 Bg8 
29.f5 Nd4 30.Bxd4 cxd4 31.Rxd4 Nf7 32.Qxe4 Nxg5 33.Qd3 Re8 34.h4 Nf7 35.
Re4 Rd8 36.Rd4 Re8 37.Re4 Rd8 38.Qc3 Qc5 39.Kg2 Rd6 40.Rg4 Ne5 41.Re4 Nd7 
42.Bf3 axb5 43.axb5 b6 44.Re8 Nf6 45.Re5 Rd2+ 46.Kh3 Qd6 47.c5 bxc5 48.
Qxc5 Qb8 49.b6 Rb2 1/2-1/2

[Event "Bydgoszcz Bank Pocztowy op"]
[Site "Bydgoszcz"]
[Date "1999.07.20"]
[Round "9"]
[White "Szczechowicz, Bartosz"]
[Black "Ehrenfeucht, Wojciech"]
[Result "1-0"]
[WhiteElo "2249"]
[BlackElo "2316"]
[EventDate "1999.07.12"]
[PlyCount "61"]

1.d4 Nf6 2.c4 c5 3.d5 b5 4.Nf3 d6 5.Nbd2 Qa5 6.Qc2 Na6 7.a3 bxc4 8.e4 Nb4 
9.axb4 Qxa1 10.bxc5 dxc5 11.Bxc4 Rb8 12.e5 Bf5 13.Qxf5 Qxc1+ 14.Ke2 Qxh1 
15.exf6 e6 16.dxe6 Qxg2 17.fxg7 Qxg7 18.exf7+ Kd8 19.Qd5+ Kc7 20.Ne5 Qf6 
21.Qd7+ Kb6 22.Qb5+ Kc7 23.Qxb8+ Kxb8 24.Nd7+ Kc7 25.Nxf6 Kd6 26.f4 h5 27.
Nde4+ Ke7 28.Ng8+ Kd7 29.Ng5 h4 30.h3 Bd6 31.Kf3 1-0

[Event "Bydgoszcz Bank Pocztowy op"]
[Site "Bydgoszcz"]
[Date "1999.07.20"]
[Round "9"]
[White "Vaulin, Alexander"]
[Black "Sulskis, Sarunas"]
[Result "1-0"]
[WhiteElo "2492"]
[BlackElo "2521"]
[EventDate "1999.07.12"]
[PlyCount "60"]

1.Nf3 b5 2.a4 b4 3.g3 Bb7 4.Bg2 g5 5.d3 g4 6.Nh4 Bxg2 7.Nxg2 d5 8.h3 gxh3 
9.Rxh3 Qd7 10.Rh1 Nc6 11.Nd2 e6 12.Nb3 f5 13.Bg5 Ne5 14.Be3 Ng6 15.Qd2 a5 
16.Nf4 Nxf4 17.Bxf4 d4 18.e4 Bg7 19.exf5 exf5 20.Qe2+ Kf8 21.Qf3 Re8+ 22.
Kd2 Nf6 23.Nxa5 Ne4+ 24.dxe4 fxe4 25.Qh5 e3+ 26.Kd3 exf2 27.Qc5+ Kf7 28.
Rae1 Re3+ 29.Kd2 Rhe8 30.Qh5+ Kf8 1-0

[Event "Bydgoszcz Bank Pocztowy op"]
[Site "Bydgoszcz"]
[Date "1999.07.20"]
[Round "9"]
[White "Vokarev, Sergey"]
[Black "Stets, Dmitry"]
[Result "1-0"]
[WhiteElo "2469"]
[BlackElo "2409"]
[EventDate "1999.07.12"]
[PlyCount "89"]

1.e4 c5 2.Nf3 d6 3.d4 cxd4 4.Nxd4 Nf6 5.f3 e5 6.Nb3 Be6 7.Nc3 Be7 8.Be3 
O-O 9.Qd2 a5 10.a4 Nc6 11.Nd5 Bxd5 12.exd5 Nb4 13.c4 Nd7 14.Be2 b6 15.O-O 
Nc5 16.Nc1 f5 17.Bd1 Bf6 18.Rb1 Qd7 19.b3 Rae8 20.Ne2 Qe7 21.Bc2 g6 22.Nc3
Kh8 23.Nb5 Qd7 24.Rbe1 g5 25.Kh1 e4 26.fxe4 Nxc2 27.Qxc2 Rxe4 28.Bg1 Rfe8 
29.Rxe4 Rxe4 30.Nc3 Rf4 31.Rxf4 gxf4 32.Ne2 Be5 33.Nd4 Ne4 34.Ne6 Qf7 35.
Qe2 Nc5 36.Qf3 Qf6 37.Nxf4 Nxb3 38.Qxb3 Bxf4 39.Qxb6 Be5 40.Qxa5 f4 41.
Qa8+ Kg7 42.Qa7+ Kg6 43.Qd7 Qh4 44.c5 Qe1 45.cxd6 1-0

[Event "Bydgoszcz Bank Pocztowy op"]
[Site "Bydgoszcz"]
[Date "1999.07.20"]
[Round "9"]
[White "Vysochin, Spartak"]
[Black "Kuzmin, Gennadi P"]
[Result "1-0"]
[WhiteElo "2487"]
[BlackElo "2518"]
[EventDate "1999.07.12"]
[PlyCount "109"]

1.e4 e5 2.Nf3 d6 3.d4 Nf6 4.dxe5 Nxe4 5.Qd5 Nc5 6.Bg5 Be7 7.exd6 Qxd6 8.
Nc3 Ne6 9.Be3 O-O 10.O-O-O Qxd5 11.Nxd5 Bd6 12.g3 Nc6 13.Bg2 Rd8 14.Rhe1 
Bd7 15.Nd2 Be8 16.Ne4 Bf8 17.Bh3 Nb4 18.Bxe6 fxe6 19.Nxc7 Bh5 20.Rxd8 Rxd8
21.a3 Nd5 22.Nxe6 Re8 23.Nxf8 Rxe4 24.Nd7 Re7 25.Nc5 Bg6 26.Nd3 Rc7 27.Kd2
b6 28.Bd4 Ne7 29.g4 Nc6 30.Be5 Rd7 31.f4 b5 32.f5 Bf7 33.Kc3 a5 34.b3 h6 
35.Kb2 a4 36.bxa4 bxa4 37.Re4 Na5 38.Rxa4 Nc4+ 39.Kc3 Ne3 40.h3 Rd8 41.Kd2
Nc4+ 42.Kc1 Re8 43.Bc3 Re3 44.Ra8+ Kh7 45.Ra7 Kg8 46.a4 Rxh3 47.a5 Rh1+ 
48.Be1 Ne5 49.Kd1 Nxd3 50.cxd3 Rg1 51.Rd7 Rxg4 52.a6 Bh5 53.Kc2 Rf4 54.a7 
Bf3 55.Bc3 1-0